[Event "RUS-ch U16"]
[Site "Dagomys"]
[Date "2004.04.??"]
[Round "?"]
[White "Shishkin, Andrey"]
[Black "Badmatsyrenov, Alexander"]
[Result "0-1"]
[WhiteElo "2054"]
[BlackElo "2244"]
[PlyCount "62"]
[EventDate "2004.04.??"]
[EventType "swiss"]
[EventRounds "10"]
[EventCountry "RUS"]
[SourceTitle "EXT 2005"]
[Source "ChessBase"]
[SourceDate "2004.11.15"]
[SourceVersion "1"]
[SourceVersionDate "2004.11.15"]
[SourceQuality "1"]

1. e4 c5 2. Nc3 Nc6 3. g3 g6 4. Bg2 Bg7 5. f4 d6 6. Nf3 e6 7. 0-0 Nge7 8. d3 Rb8 9. Rb1 0-0 10. Be3 b5 11. Ne2 b4 12. c3 Ba6 13. d4 bxc3 14. Rf2 cxb2 15. dxc5 dxc5 16. Qxd8 Rfxd8 17. Ne1 c4 18. e5 f6 19. Bh3 Nf5 20. Bxf5 gxf5 21. Nc3 fxe5 22. Rfxb2 Rxb2 23. Rxb2 exf4 24. Bd2 fxg3 25. hxg3 Rxd2 26. Rxd2 Bxc3 27. Rd6 Bxe1 28. Rxc6 Bb5 29. Rc5 a6 30. Kg2 c3 31. Kf3 Bd2 0-1

[Event "RUS-ch U16"]
[Site "Dagomys"]
[Date "2004.04.??"]
[Round "?"]
[White "Shishkin, Andrey"]
[Black "Gaparkhoev, Aslan"]
[Result "1/2-1/2"]
[WhiteElo "2054"]
[BlackElo "2174"]
[PlyCount "37"]
[EventDate "2004.04.??"]
[EventType "swiss"]
[EventRounds "10"]
[EventCountry "RUS"]
[SourceTitle "EXT 2005"]
[Source "ChessBase"]
[SourceDate "2004.11.15"]
[SourceVersion "1"]
[SourceVersionDate "2004.11.15"]
[SourceQuality "1"]

1. e4 e5 2. f4 exf4 3. Nf3 d6 4. d4 Nf6 5. Nc3 Be7 6. Bxf4 0-0 7. Be2 b6 8. 0-0 Bb7 9. d5 c6 10. Qd2 Qc7 11. Rad1 Rd8 12. Nh4 Nxd5 13. exd5 Bxh4 14. dxc6 Qxc6 15. Bf3 Qc5+ 16. Be3 Qc8 17. Bg5 Bxg5 18. Qxg5 Bxf3 19. Rxf3 1/2-1/2

[Event "RUS-ch U16"]
[Site "Dagomys"]
[Date "2004.04.??"]
[Round "?"]
[White "Uzhva, Andrey Nikolaevich"]
[Black "Shishkin, Andrey"]
[Result "1-0"]
[WhiteElo "2292"]
[BlackElo "2054"]
[PlyCount "55"]
[EventDate "2004.04.??"]
[EventType "swiss"]
[EventRounds "10"]
[EventCountry "RUS"]
[SourceTitle "EXT 2005"]
[Source "ChessBase"]
[SourceDate "2004.11.15"]
[SourceVersion "1"]
[SourceVersionDate "2004.11.15"]
[SourceQuality "1"]

1. e4 e5 2. Nc3 Nc6 3. Bc4 Nf6 4. d3 Be7 5. h3 d6 6. f4 exf4 7. Bxf4 Ne5 8. Bb3 Be6 9. Nf3 Bxb3 10. axb3 Ng6 11. Be3 a6 12. 0-0 0-0 13. Nd4 d5 14. exd5 Nxd5 15. Nxd5 Qxd5 16. Nf5 Bf6 17. Qh5 Rad8 18. Bg5 Bxg5 19. Qxg5 f6 20. Qg3 Qe5 21. Qg4 Rf7 22. d4 Qe8 23. Rae1 Qf8 24. Re6 Kh8 25. Rfe1 c5 26. Nd6 Re7 27. Rxe7 Nxe7 28. Qe6 1-0

[Event "Chigorin Memorial 08th"]
[Site "St Petersburg"]
[Date "2000.11.04"]
[Round "4"]
[White "Shishkin, Andrey"]
[Black "Fedorov, Alexei"]
[Result "1/2-1/2"]
[WhiteElo "2055"]
[BlackElo "2646"]
[PlyCount "45"]
[EventDate "2000.10.31"]
[EventType "swiss"]
[EventRounds "9"]
[EventCountry "RUS"]
[SourceTitle "EXT 2001"]
[Source "ChessBase"]
[SourceDate "2000.11.22"]
[SourceVersion "1"]
[SourceVersionDate "2000.11.22"]
[SourceQuality "1"]

1. Nf3 Nf6 2. b3 g6 3. Bb2 Bg7 4. g3 0-0 5. Bg2 c5 6. 0-0 Nc6 7. c4 a6 8. d3 Rb8 9. Nbd2 d6 10. e3 Qc7 11. Qe2 b6 12. Rac1 Bb7 13. d4 e6 14. Rfd1 Rbd8 15. Nb1 Rfe8 16. Nc3 Nb4 17. a3 Nc6 18. Qc2 Ne7 19. Qe2 Nc6 20. Qc2 Ne7 21. Qe2 Nc6 22. Nb1 Qb8 23. Nc3 1/2-1/2